La peste
Wedi'i Gadw mewn:
| Prif Awdur: | |
|---|---|
| Fformat: | Llyfr |
| Iaith: | Undetermined |
| Cyhoeddwyd: |
París, Francia
Gallimard
1947
|
| Pynciau: | |
| Tagiau: |
Ychwanegu Tag
Dim Tagiau, Byddwch y cyntaf i dagio'r cofnod hwn!
|
MARC
| LEADER | 00000nam a2200000Ia 4500 | ||
|---|---|---|---|
| 008 | 170316s9999 xx 000 0 und d | ||
| 040 | |a cru BVZT | ||
| 090 | |a 840 C-2p | ||
| 100 | |a Camus, Albert | ||
| 245 | |a La peste | ||
| 260 | |a París, Francia | ||
| 260 | |b Gallimard | ||
| 260 | |c 1947 | ||
| 300 | |a 279 páginas | ||
| 650 | |a LITERATURA FRANCESA | ||
| 999 | |c 7594 |d 7594 | ||
| 942 | |c 15 D |h 840 C-2p |2 z | ||
